000 00815nam a2200301Mi 4500
001 87415
005 20230410143139.0
006 a r 000 0
008 100210s1970 nyu 000 0 eng d
035 _a(OCoLC)ocn603308275
040 _aGyFmHBV
_bger
_cHEBIS
029 0 _aHEBIS
_b220533016
032 _a220533016
035 _a(OCoLC)603308275
049 _aGRAL
050 1 4 _abH466b 1970
100 1 _aHeilbroner, Robert L.
_4aut
245 0 0 _aBetween capitalism and socialism
_cby Robert L. Heilbroner.
260 _aNew York
_bVintage Books
_c1970.
300 _aXVIII, 294 S.
490 1 _aA @Vintage book
_v635
490 1 _aA Vintage book
_v635
830 2 _aA @Vintage book ;
_v635.
830 2 _aA Vintage book ;
_v635.
942 _2lcc
_cbk
994 _aC0
_bDRFGD
946 _acc
999 _c96566
_d96566